| 000 | 00000nas##2200000za#4500 |
| 001 | 9.507731 |
| 003 | CaOODSP |
| 005 | 20241203113633 |
| 007 | cr ||||||||||| |
| 008 | 150406c2004||||xxc|| p o||||f| |0eng|d |
| 040 | |aCaOODSP|beng |
| 043 | |an-cn--- |
| 086 | 1 |aEn161-11E-PDF |
| 110 | 1 |aCanada. |bEnvironment Canada. |
| 245 | 10|aLake Superior lakewide management plan (LaMP) : |h[electronic resource]|bhighlights / |c[In collaboration with the] United States Environmental Protection Agency. |
| 246 | 1 |iVariant title : |aLake Superior lakewide management plan - program updates and highlights |
| 260 | |aBurlington - Ontario : |bEnvironment Canada |
| 310 | |aIrregular |
| 362 | 1 |a2004-- |
| 690 | 07|aLakes|2gcpds |
| 690 | 07|aManagement|2gcpds |
| 775 | 08|tPlans d'aménagement panlacustre (PAP) du lac Supérieur : |w(CaOODSP)9.504111 |